Top 10 Non-English Languages of Melbourne - Statistics

General Stats
  • This quiz has been taken 698 times
  • The average score is 7 of 10
Answer Stats
% Language % Correct
4.3 Mandarin
92%
1.7 Italian
83%
0.8 Spanish
81%
1.3 Hindi
80%
1.8 Arabic
77%
2.1 Greek
76%
2.3 Vietnamese
75%
1.6 Cantonese
68%
2.0 Punjabi
35%
1.0 Sinhalese
13%
No matching quizzes found
Score Distribution
Percent of People with Each Score
Percentile by Number Answered
Your Score History
You have not taken this quiz